Clubs de football commençant par F - Statistiques

Statistiques générales
  • Ce quiz a été pris 513 fois
  • Le résultat moyen est 10 sur 16
Statistiques - réponses
Par images Réponse % Correct
FC Barcelone
100%
FC Porto
97%
Fiorentina
95%
FC Metz
92%
Fulham
86%
FC Bâle
82%
Feyenoord
82%
Flamengo
71%
Fenerbahçe SK
67%
FC Augsbourg
62%
Fluminense
52%
Ferencváros
40%
Fortuna Düsseldorf
32%
FC Midtjylland
26%
FC Luzern
23%
FC Istres
9%
Aucun quiz correspondant
Distribution des résultats
% des personnes avec chaque résultat
Percentile par nombre de réponses
Votre historique - résultats
Vous n’avez pas pris ce quiz